Statystyki dla Top 10 najzimniejszych Stanów USA

Kliknij tutaj aby rozwiązać quiz!

Ogólne statystyki

  • Ten quiz został rozwiązany 44 razy
  • Średni wynik to 6 z 10

Statystyki odpowiedzi

° CStan% Poprawnych
-2.3Alaska
97%
5.0Dakota Północna
79%
5.9Montana
72%
6.6Idaho
67%
5.4Maine
62%
5.4Minnesota
46%
6.1Vermont
46%
6.6Wisconsin
46%
5.7Wyoming
44%
6.7New Hampshire
36%

Rozkład punktacji

Percentyl według liczby udzielonych odpowiedzi

Procent ludzi z każdym wynikiem

Twoja historia wyników

Nie rozwiązałeś tego quizu